Менеджмент и организационные проблемы коммуникаций; Инновационные технологии и экономика в машиностроении

Dettagli Bibliografici
Parent link:Инновационные технологии и экономика в машиностроении.— 2010.— С. 392-394
Autore principale: Тащиян Г. О. Григорий Олегович
Lingua:russo
Pubblicazione: 2010
Soggetti:
Natura: MixedMaterials Capitolo di libro
KOHA link:https://koha.lib.tpu.ru/cgi-bin/koha/opac-detail.pl?biblionumber=189695

MARC

LEADER 00000naa2a2200000 4500
001 189695
005 20231031175501.0
035 |a (RuTPU)RU\TPU\book\206386 
090 |a 189695 
100 |a 20101229d2010 k y0rusy50 ca 
101 0 |a rus 
102 |a RU 
200 1 |a Менеджмент и организационные проблемы коммуникаций  |f Г. О. Тащиян 
320 |a Библиогр.: 1 назв. 
463 0 |0 (RuTPU)RU\TPU\book\199146  |y 978-5-98298-642-9  |t Инновационные технологии и экономика в машиностроении  |o сборник трудов Международной научно-практической конференции с элементами научной школы для молодых ученых, 20-21 мая 2010 г. г. Юрга  |f Национальный исследовательский Томский политехнический университет (ТПУ), Юргинский технологический институт (ЮТИ); под ред. Д. А. Чинахова  |v С. 392-394  |d 2010  |p 577 с. 
610 1 |a коммуникации 
610 1 |a менеджмент 
610 1 |a организация 
610 1 |a информация 
610 1 |a искажения 
610 1 |a организационные коммуникации 
610 1 |a труды учёных ТПУ 
700 1 |a Тащиян  |b Г. О.  |c российский учёный в области информационных систем  |c доцент Юргинского технологического института (филиал) Томского политехнического университета  |f 1974-  |g Григорий Олегович  |2 stltpush  |3 (RuTPU)RU\TPU\pers\24270 
801 1 |a RU  |b 63413507  |c 20101229 
942 |c BK